| 000 | 00397nam a2200121Ia 4500 | ||
|---|---|---|---|
| 008 | 171212s9999 xx 000 0 und d | ||
| 020 | _a9781783740727 | ||
| 100 | _aBlumson, Ben | ||
| 245 |
_cBlumson, Ben _aResemblance and Representation _bAn Essay in the Philosophy of Pictures |
||
| 260 |
_bOpen Book Publishers _c2014 |
||
| 650 | _aPhilosophy | ||
| 856 | _uhttp://www.jstor.org/stable/j.ctt1287k0p | ||
| 999 |
_c351590 _d351590 |
||